Valencia CF Squad 2015-2016 - Statistics

General Stats
  • This quiz has been taken 16 times
  • The average score is 19 of 30
Answer Stats
# Position Nation Player % Correct
10 MF Spain Dani Parejo
92%
14 DF Spain José Luis Gayà
92%
25 GK Australia Mathew Ryan
92%
5 DF Germany Shkodran Mustafi
92%
1 GK Brazil Diego Alves
83%
15 MF Argentina Enzo Pérez
83%
- Coach England Gary Neville
83%
9 FW Spain Paco Alcácer
83%
2 DF Portugal João Cancelo
75%
11 FW Argentina Pablo Piatti
75%
8 FW Algeria Sofiane Feghouli
75%
23 DF Tunisia Aymen Abdennour
67%
24 FW Russia Denís Chéryshev
67%
13 GK Spain Jaume Doménech
67%
- Coach Portugal Nuno Espírito Santo
67%
20 MF Argentina Rodrigo de Paul
67%
17 FW Spain Rodrigo Moreno
67%
16 FW Belgium Zakaria Bakkali
58%
4 DF Brazil Aderlan Santos
50%
7 FW Spain Álvaro Negredo
50%
21 MF Portugal André Gomes
42%
19 DF Spain Antonio Barragán
42%
6 DF Argentina Lucas Orbán
42%
3 DF Portugal Rúben Vezo
42%
22 FW Spain Santi Mina
42%
6 DF Brazil Guilherme Siqueira
33%
18 MF Spain Javi Fuego
33%
- Coach Spain Pako Ayestarán
33%
13 GK Spain Yoel Rodríguez
33%
12 MF Brazil Danilo Barbosa
25%
No matching quizzes found
Score Distribution
Percent of People with Each Score
Percentile by Number Answered
Your Score History
You have not taken this quiz